000
00263 a2200109 4500
003
Nust
005
20170207154231.0
040
_c
Nust
082
_a
371.33
245
_a
Armourd Close Race Tech Part-1 (VHS-493)
440
_a
Armourd Close Race Tech Part-1 (VHS-493)
538
_a
Duration Min 65
999
_c
195911
_d
195911